000 00560nam a22001817a 4500
003 NUST
005 20260217115354.0
008 260217b ||||| |||| 00| 0 eng d
020 _a978-0471360285
082 _a658.404
_bWYS
100 _a Robert K. Wysocki , Robert Beck Jr., David B. Crane.
_9133295
245 _aEffective Project Management /
_c Robert K. Wysocki , Robert Beck Jr., David B. Crane.
250 _a2nd Edition.
260 _aSingapore:
_bJohn Wiley & Sons,
_c2000.
300 _aix, 357 p ;
563 _aPaperback
942 _2ddc
_cBK
999 _c616266
_d616266